000 01162cam a22003617a 4500
001 4272
003 FISKH
005 20240711101707.0
008 081209s2007 nyua b 000 0 eng d
010 _a 2008301189
020 _a0448445433 (pbk)
020 _a9780448445434 (pbk)
020 _a1428740252 (BWI bdg.)
020 _a9781428740259 (BWI bdg.)
040 _aBKX
_cBKX
_dBAKER
_beng
050 _aQL467.C63
082 _a595.7
100 1 _aClarke, Ginjer L.
245 1 0 _aBug out! :
_bthe world's creepiest, crawliest critters /
_cby Ginjer L. Clarke ; illustrated by Pete Mueller.
260 _aNew York :
_bPenguin Young Reader,
_c2007.
300 _a48 pages :
_bcolor illustrations ;
_c23 cm
505 _aR
520 _aText and pictures present many strange facts about bugs.
521 _a690
_bLexile AD
521 _aR
_bRaz-Plus
650 0 _aInsects
_vMiscellanea
_vJuvenile literature.
650 1 _aInsects
_vMiscellanea.
655 7 _aReaders (Elementary)
_2lcsh
700 1 _aMueller, Pete,
_eillustrator
906 _a7
_bcbc
_ccopycat
_d2
_encip
_f20
_gy-gencatlg
942 _2ddc
_cBK
_n0
999 _c4272
_d4272